Purnell's animals of the world : Enrope

Bibliographic Details
Main Author: Pai, Maria
Format: Book
Published: S.L : Purnell , 1983
Subjects:

MARC

LEADER 00000cam a2200000 7i4500
001 0000005111
002 000005520
005 20000330.0
020 |a 0361065965 
090 0 0 |a 591   |b PIA 
100 1 |a Pai, Maria 
245 1 0 |a Purnell's animals of the world :   |b Enrope   |c Maria Pia and Alessandro Minelli 
260 |a S.L :   |b Purnell ,   |c 1983 
300 |a 75p. ;   |c 20cm. 
650 0 0 |a Animals   |z Europe 
999 |a 033965   |b BUKU   |c PINJAMAN   |e PERPUSTAKAAN KOMUNITI PETALING JAYA